000 00772cam a2200253 4500
008 000000n2001 000 0 eng u
020 _a1860815103
035 _a(Sirsi) u119786
041 _aeng
050 _a691.9
100 _aDunster, A.
110 _aBuilding Research Establishment
245 _aBlastfurnace slag and steel slag: their use as aggregates
260 _aLondon
_bCRC Ltd
_c2001
300 _a6p.
_bill.
_c30cm.
490 _aBRE Information Paper
_v18/01
520 _aProvides information on the types of slag products currently available and their recommended uses.
650 _aSLAG
650 _aBLASTFURNACE SLAG
650 _aSTEEL SLAG
650 _aAGGREGATES
690 _aBUILT ENVIRONMENT-BUILDING MATERIALS
942 _n0
999 _c102393
_d102393